banner koha

Sinal verde para o "Tahiti" (Registro n. 299800)

MARC details
000 -LÍDER
fixed length control field 00913nab a2200289 4500
003 - CÓDIGO MARC DA AGÊNCIA CATALOGADORA
Campo de controle BR-BrBNA
005 - DATA E HORA DA ÚLTIMA ATUALIZAÇÃO
Campo de controle 20240527232117.0
008 - CAMPO DE TAMANHO FIXO
fixed length control field 240527b bl.||||| |||| 00| 0 por d
040 ## - FONTE DA CATALOGAÇÃO
Agência catalogadora BR-BrBNA
Idioma da catalogação por
072 ## - CATEGORIA AGRIS
Código AGRIS F01 ; E70 ; E71
Código do objeto 1030 ; 1040
100 ## - ENTRADA PRINCIPAL - NOME PESSOAL
Nome pessoal Balduíno, Paulo Antônio
245 ## - TÍTULO PRINCIPAL
Título principal Sinal verde para o "Tahiti"
Subtítulo Variedades
500 ## - NOTA GERAL
Nota geral 8 illus.
942 ## - ADDED ENTRY ELEMENTS (KOHA)
Koha item type
650 ## - ASSUNTO - THESAGRO
Cabeçalho tópico ou nome geográfico LIMÃO TAHITI
650 ## - ASSUNTO - THESAGRO
Cabeçalho tópico ou nome geográfico VARIEDADE
650 ## - ASSUNTO - THESAGRO
Cabeçalho tópico ou nome geográfico POMAR
650 ## - ASSUNTO - THESAGRO
Cabeçalho tópico ou nome geográfico PRODUÇÃO
650 ## - ASSUNTO - THESAGRO
Cabeçalho tópico ou nome geográfico BENEFICIAMENTO
650 ## - ASSUNTO - THESAGRO
Cabeçalho tópico ou nome geográfico COMERCIALIZAÇÃO
650 ## - ASSUNTO - THESAGRO
Cabeçalho tópico ou nome geográfico MERCADO INTERNO
650 ## - ASSUNTO - THESAGRO
Cabeçalho tópico ou nome geográfico EXPORTAÇÃO
650 ## - ASSUNTO - THESAGRO
Cabeçalho tópico ou nome geográfico CERTIFICAÇÃO
650 ## - ASSUNTO - THESAGRO
Cabeçalho tópico ou nome geográfico RASTREAMENTO
773 0# - ENTRADA ANALÍTICA
Host Biblionumber 4769
Registro do item 314628
Imprenta Bebedouro - SP Grupo Técnico de Assistência e Consultoria em Citrus 2001
Outro identificador 2024-0880
Título Ciência e Pratica (Brazil)
Colação v. 6(21) p. 18-20; (Apr-Jun 2006)
Número de controle de registro BR2024001225

Nenhum exemplar disponível.

BINAGRI

Telefone: (61)3218-2567/2388/3357/2097 - binagri@agro.gov.br

Ministério da Agricultura e Pecuária , Esplanada dos Ministérios, Bloco D, Anexo B, Brasília/DF, CEP: 70.043-900